Mehr Beschäftigung durch Reallohnzurückhaltung zum Streit zwischen kosten - und nachfrageorientierter Lohnpolitik

Salvato in:
Dettagli Bibliografici
Autore principale: Roth, Jürgen
Natura: Libro
Lingua:tedesco
Pubblicazione: Kiel Institut für Weltwirtschaft 1982
Serie:Kieler Diskussionsbeiträge 85
Tags: Aggiungi Tag
Nessun Tag, puoi essere il primo ad aggiungerne!!

MARC

LEADER 00000nam a2200000 4500
001 c130511
005 20181203150429.2
041 0 |a ger 
044 |a DE 
245 1 0 |a Mehr Beschäftigung durch Reallohnzurückhaltung  |b zum Streit zwischen kosten - und nachfrageorientierter Lohnpolitik  |c Jürgen Roth 
264 1 |a Kiel  |b Institut für Weltwirtschaft  |c 1982 
300 |a 25 s. 
490 1 |a Kieler Diskussionsbeiträge  |v 85 
830 0 |a Kieler Diskussionsbeiträge  |v 85 
100 1 |a Roth, Jürgen